Obežný majetok ako súčasť predmetu účtovníctva bakalárska práca

Guardado en:
Detalles Bibliográficos
Autor principal: Fajnorová, Danica
Autor Corporativo: Fakulta hospodárskej informatiky EU. Katedra účtovníctva a audítorstva
Otros Autores: Kordošová, Alena, 1970-
Formato: Libro
Lenguaje:eslovaco
Publicado: Bratislava 2010
Etiquetas: Agregar Etiqueta
Sin Etiquetas, Sea el primero en etiquetar este registro!

MARC

LEADER 00000nam$a2200000$$$4500
001 0136735
005 20240320072811.4
041 0 |a slo 
044 |a SK 
245 1 0 |a Obežný majetok ako súčasť predmetu účtovníctva  |b bakalárska práca  |c Danica Fajnorová ; školiteľ: Alena Kordošová 
264 1 |a Bratislava  |c 2010 
300 |a 40 s. 
100 1 |a Fajnorová, Danica 
700 1 |a Kordošová, Alena, 1970- 
710 2 |a Fakulta hospodárskej informatiky EU. Katedra účtovníctva a audítorstva